| 000 | 00432nam a2200157Ia 4500 | ||
|---|---|---|---|
| 008 | 130318s9999 xx 000 0 und d | ||
| 020 | _a9781439806807 | ||
| 082 | _a006.8 RIT/C | ||
| 100 | _aRittinghouse, John W | ||
| 245 | _aCloud computing: Implementation, management and security | ||
| 260 |
_bCC Press _aNew Delhi _c2010 |
||
| 300 | _a301 | ||
| 650 | _aCLOUD SECURITY | ||
| 650 | _aVIRTUAL SYSTEMS | ||
| 700 | _aRansome, James F | ||
| 999 |
_c2415 _d2415 |
||